000 01314nam a22003497a 4500
001 0019
003 DO-SdBNP
005 20240912135423.0
007 0019
008 150928b 2007 co |||| 00| 0 spa d
020 _a958817745X (v. 1)
020 _a958817743X (v. 2)
020 _a9588177443X (v. 3)
040 _aBPMSU
_bspa
_cBPMSU
082 4 _a153.9
_bI61m 2007
_222
245 _aInteligencias múltiples en los niños /
_cdirección del proyecto y propuesta pedagógica Bernarda Rodríguez Betancur ; Edgar Martínez Alvarado ...¨[et al.] ; ilustraciones Sandra Ardila ... [et al.].
250 _aEdición Andrés Londoño Londoño.
260 _aBogotá :
_bEdiciones Gamma,
_c2007.
300 _a3 v. :
_bil. ;
_c29 cm. +
_e1 CDROM.
505 _gv.1 :
_tCorporal y relacional. --
_gv.2 :
_tMusical y espacial. --
_g v.3 :
_tLingüística y lógica matemática
530 _aEl CD-Rom es complemento del libro.
600 _3
650 4 _aInteligencias múltiples.
650 4 _aPsicología infantil
_2
650 4 _aDesarrollo de la inteligencia
700 _4Ardila, Sandra,
_ail.
700 _aLondoño Londoño, Andrés,
_eed.
700 _4Rodríguez Betancur, Bernarda.
700 _4Martínez Alvarado, Edgar
910 _aVMateo V. Control de calidad. BPMSU
942 _2ddc
_cBK
999 _c8295
_d8295